Binding of Isaac: Antibirth Items - Statistics

General Stats
  • This quiz has been taken 22 times
  • The average score is 26 of 87
Answer Stats
Hint Answer % Correct
4me 2Spooky
74%
It's Only Up From Down Here Rock Bottom
74%
More Active Item Room Schoolbag
68%
Zap! 120 Volt
63%
DMG Down + Tears Up + You Feel Nutty Almond Milk
63%
No It Doesn't It Hurts
63%
Temporary Demon Form Sulfur
58%
Double Tap Dash Mars
53%
I'm A Big Boy Now! Mega Mush
53%
Size Down Pluto
53%
Ring Of Tears Saturnus
53%
Born To Rock Terra
53%
Ice Tears Uranus
53%
Reusable Fortunes Fortune Cookie
47%
Exclusive Access Member Card
47%
Speed Up + You Feel Elusive Mercurius
47%
Time To Start Over R Key
47%
All Stats Up! Sausage
47%
HP Up + You Feel Pretty Venus
47%
+1 To Lowest Stat Consolation Prize
42%
Erase Your Enemies! Eraser
42%
More Eyes Eye Sore
42%
Protect Him Lost Soul
42%
More Secrets Luna
42%
It Burns Bird's Eye
37%
Defense Drone Bot Fly
37%
Reroll Your Playground D12
37%
Halo of Tears Immaculate Heart
37%
Magnetizing Tears Lodestone
37%
Radiant Victory Sol
37%
Divine Blade Spirit Sword
37%
Bloody Blast + HP Up Blood Bombs
32%
DMG Up + Range Up + Controlled Tears Eye of the Occult
32%
Stairway To Heaven Jacob's Ladder
32%
They Pack A Punch! Knockout Drops
32%
Slice But No Dice Meat Cleaver
32%
Mother's Strength Mom's Bracelet
32%
Speed Up + Your Feet Feel Stronger Orphan Socks
32%
Flamboyant Protector Psy Fly
32%
Explore the Other Side Red Key
32%
Full HP + Temporary Damage Up Red Stew
32%
Rocket Propulsion +5 Bombs Rocket in a Jar
32%
Plop! The Scooper
32%
A King's Fortune... But At What Cost? Damocles
26%
Spore Shot Mucormycosis
26%
Multicolored Tears Playdoh Cookie
26%
Delicious! Rotten Tomato
26%
Bait And Switch Stitches
26%
More Curses Voodoo Head
26%
Tears + Shot Speed Up A Bar of Soap
21%
Spill Your Guts Akeldama
21%
Instant Energy! Battery Pack
21%
Spiritual Companionship Book of Virtues
21%
Flithy Friends Dirty Mind
21%
??? Knife Piece 1
21%
??? Knife Piece 2
21%
Keep The Flame Burning Paschal Candle
21%
Invasive Friend The Intruder
21%
Itching For Revenge Tinytoma
21%
Gross! Yuck Heart
21%
??? Eternal D6
16%
Luck Up Evil Charm
16%
Party Time! Free Lemonade
16%
Cool Friend Freezer Baby
16%
??? Knife Piece 3
16%
Puffy Buddy Lil' Dumpy
16%
All Your Desires Fullfilled Magic Skin
16%
Awaken Your Faith Revelation
16%
Rock Blast +5 Bombs Stone Bombs
16%
Tears Up. All Is Forgiven Act of Contrition
11%
Fat Buddy Bird Cage
11%
Unique Birthright
11%
Bleed Me Dry Blood Oath
11%
Messy Friend Boiled Baby
11%
Collect Them All! Booster Pack
11%
Come At Me! Donkey Jawbone
11%
Random Blast +5 Enigma Bombs
11%
Tears Up Eye Drops
11%
Shot Multiplier Menorah
11%
Purifying Light Monstrance
11%
Open Your Enemies Sharp Key
11%
A Sacred Offering Alabaster Box
5%
Temporary Tears Up Book of Despair
5%
Splash! Bowl of Tears
5%
Stare Into The Abyss Oculus Rift
5%
Ow! Voodoo Pin
5%
Tears Up. A Mind Changing Experience! Black Mushroom
0%
No matching quizzes found
Score Distribution
Percent of People with Each Score
Percentile by Number Answered
Your Score History
You have not taken this quiz